01242nam a2200337 i 4500003000900000005001700009007000300026008004100029020001800070040003000088082002000118100003800138245008200176264003700258300002700295336002700322337003400349338002800383490003300411490001600444500007100460590002700531650003800558650004000596650003300636710006600669910001400735942001400749952012400763999001700887DO-SdBNP20250221124607.0ta110413s2019 dr 000 p spa d a9789993475347 aDO-SdBNPbspacBNPHUerda axxxxbC697e2221 aCollado, Miguel A.,d1954-92469610aEscapada de los dominios de Poseidón : b(poemas de amor) /cMiguel Collado 1aSanto Domingo :bCEDIBIL,c2019. a114 páginas c18 cm. 2rdacontentatextobtxt 2rdamediaasin mediación bn 2rdacarrieravolumenbnc1 aPublicaciones de CEDIBILv351 aPoesíav4 aIncluye datos biográficos del autor en la solapa de la portada.  aInventariado, 2023/ YL 4aReflexión xFilosofía 983873 4aPsicología del aprendizaje 92721 4aValoresxFilosofía 9838742 aCentro Dominicano de Investigaciones Bibliográficas 931656 aYLockward 2ddccLBS1 00102ddc71aBNPHUbBNPHUcCTd2022-12-05eCarmen Rosa Estradal0oxxxx C697ep2023-5497r2023-08-24w2023-08-24yLBS1 c54524d54524